| 000 | 00586nam a2200181 a 4500 | ||
|---|---|---|---|
| 005 | 20140412111240.0 | ||
| 008 | 010430s19uu xx 00 eng d | ||
| 020 | _a0-307-12484-3 | ||
| 050 |
_aTR(PS E _bWh55 1985 |
||
| 100 | _aHazen, Barbara Shook | ||
| 245 |
_aWhy did grandpa die? : _ba book about death / _cby Barbara Shook Hazen ; illustrated by Pat Schories. |
||
| 260 |
_aNew York : _bA Golden Book, _c1985. |
||
| 300 | _a1v. (unp.) ; ill. | ||
| 440 | _aGolden Learn About Living Books | ||
| 650 | _aDeath-Stories | ||
| 650 | _aFeelings-Juvenile literature | ||
| 999 |
_c102644 _d102644 |
||